000 01028nam0a22003131 4500
001 RU\NLR\A1SV\5985
005 20251203171251.9
035 _a(NLR Aleph) 009691714
090 _a9738301
_c9738301
100 _a19980930d1922 u y0rusy50 ca
101 0 _arus
102 _aRU
200 1 _aЧто такое единый налог и как он будет собираться?
_fФ.Андрианов
210 _aТула
_cТулгубполитпросвет
_d1922
215 _a36 с., [1] л. табл.
_d18 см
300 _aБез тит. л.
620 _dТула
700 1 _4070
_7ca
_8rus
_aАндрианов
_bФ. И.
_cпарт. и хоз. деятель, рыб. пром-сть
_f1894-1938
_gФедор Иванович
_9189337
_3RU\NLR\AUTH\770189388
801 0 _aRU
_bNLR
_c19980930
852 _aNLR
_j17.149.7.89
852 _aNLR
_j17.149.7.89а
899 _aРКП
899 _aГОПБ
899 _aРГБ
899 _aБАН
942 _cBOOK
980 _aNB
980 _aA1SV